| 000 | 00707cam a22002654a 4500 | ||
|---|---|---|---|
| 005 | 20260322212025.0 | ||
| 008 | data | ||
| 010 | _a 2005004794 | ||
| 020 | _a0756613647 | ||
| 020 | _a9780756613648 | ||
| 040 |
_aDLC _cDLC _dDLC |
||
| 042 | _apcc | ||
| 050 | 0 | 0 |
_aQB982 _b.U55 2005 |
| 082 | 0 | 0 |
_a523.1 _222 |
| 092 | _a523.1 U55 2005 | ||
| 245 | 1 | 0 |
_aUniverse / _cRobert Dinwiddie. |
| 250 | _a1st American ed. | ||
| 260 |
_aNew York : _bDK Pub., _c2005. |
||
| 300 |
_a512 p. : _bcol. ill. ; _c30 cm. |
||
| 500 | _aIncludes index. | ||
| 650 | 0 |
_aCosmology _vPopular works. |
|
| 700 | 1 | _aDinwiddie, Robert. | |
| 856 | 4 | 1 |
_3Table of contents _uhttp://www.loc.gov/catdir/toc/ecip058/2005004794.html |
| 001 | data | ||
| 999 |
_c566 _d566 |
||